Science Quiz

Random Science or Animal Quiz
Score 0/20 Timer 04:00
7 Plays Today
Country % Correct
United States of America
96.5%
China
94.4%
Brazil
94.4%
Australia
89.2%
India
87.5%
Mexico
86.3%
Argentina
84.5%
Peru
75.7%
Colombia
69.9%
Kenya
68.6%
Country % Correct
Indonesia
68.3%
Venezuela
65.4%
Democratic Republic of the Congo
64.6%
Ecuador
58.4%
Bolivia
58.2%
Thailand
52.4%
Tanzania
51.4%
Malaysia
47.8%
Uganda
37.8%
Cameroon
24.5%
Come Together.
Have Fun.
All Virtual.
We all need to come together. Play Sporcle's virtual live trivia to have fun, connect with people, and get your trivia on. Join a live hosted trivia game for your favorite pub trivia experience done virtually. If a virtual private party is more your thing, go here for details.

You're not logged in!

Compare scores with friends on all Sporcle quizzes.
OR
Log In

Sporcle TV

Today on Sporcle TV


Watch our educational content, quiz creation guides, and fun videos on Sporcle TV.

Show Comments

Extras

Top Quizzes Today


Score Distribution

Paid Content

Your Account Isn't Verified!

In order to create a playlist on Sporcle, you need to verify the email address you used during registration. Go to your Sporcle Settings to finish the process.

Report this User

Report this user for behavior that violates our Community Guidelines.

Details: